| 000 | 00461nam a2200145Ia 4500 | ||
|---|---|---|---|
| 008 | 220204s9999 xx 000 0 und d | ||
| 082 |
_a582.26 _bBOL;2 |
||
| 100 | _aBOLD, Harold C | ||
| 245 | 0 | _aIntroduction to the algae: Structure and reprduction | |
| 260 |
_aNew Jersey _bPrentice Hall _c1978 |
||
| 490 | _aPrentice Hall Biological sciences series Ed by William D McElory and Carl P Swanson | ||
| 650 | _aAlgae | ||
| 700 | _aWYNNE, Michael J | ||
| 942 | _cBK | ||
| 999 |
_c28026 _d28026 |
||